| 000 | 00616nam a22001815i 4500 | ||
|---|---|---|---|
| 001 | 154847 | ||
| 003 | ES-MaACL | ||
| 005 | 20250728043246.0 | ||
| 008 | 040714s1876 fr |||| | fre d | ||
| 040 |
_aCAM _bspa _cCAM |
||
| 100 | 1 |
_aGuérin, Mathurin. _9127682 |
|
| 245 | 1 | 0 |
_aEsquisse d'une constitution démocratique / _cpar Mathurin Guérin. |
| 260 |
_aParis : _bCalmann Lévy éditeur, Ancienne Maison Michel Lévy fréres, _c1876 ( _fTypographie Lahure) |
||
| 300 |
_aVIII, 372 p. ; _c18 cm. |
||
| 650 | 7 |
_aDemocracia _2embne _911574 |
|
| 852 |
_aES-MaACL _jD-2042 _z-- Enc. hol. |
||
| 999 |
_c154847 _d154847 |
||